| 000 | 00563nam a22001817a 4500 | ||
|---|---|---|---|
| 005 | 20251108164743.0 | ||
| 008 | 250721s1979 xx 000 0 ara d | ||
| 082 | 1 | 4 | _a809/علي |
| 100 | 1 | _aأدهم، علي | |
| 245 | 1 | 0 | _aفصول في الأدب و النقد و التاريخ / |
| 264 | 1 |
_aالقاهرة : _bالهيئة المصرية العامة للكتاب، _c1979. |
|
| 300 | _a259ص | ||
| 650 | 1 | 7 | _aالأدب العربي |
| 650 | 1 | 7 | _aالتاريخ الأدبي |
| 650 | 1 | 7 | _aالنقد الأدبي |
| 942 |
_2ddc _cBK |
||
| 999 |
_c13549 _d13549 |
||